00689nam a22001577a 4500008004100000020001500041050001700056245018100073260004300254300002100297440003500318800001700353942001200370999001600382952013300398140822b xxu||||| |||| 00| 0 eng d a0406090793 aKD275.4.L398 aThe Law Reports, Appeal Cases(1883-84 vol.9): Under the superintendence and control of the Incorporated Council of Law Reporting for England and Wales. /cedited by J.R. Bulwer aLondon:bButterworth & Co. Ltd,c1884. aix, 976p.c24cm. pAppeal cases 1883-1884vVol. 9 aBulwer, J.R. 2lcccBK c3658d11158 00102lcc4070aWIUC-1bWIUC-1cLLd2014-08-22l0oKD275.4.L39(1883-84 vol.9)p1436/424/14r2014-08-22 00:00:00w2014-08-22yBK